00840nam a2200229 i 4500001001000000003000900010005001700019007000300036008004100039040003000080041000800110082002500118100004500143245007100188264008100259300002800340336002700368337003200395338002800427500007700455651007800532000033077DO-SdBNP20250704122447.0ta110221t1971 dr 001 0bspa d aDO-SdBNPbspacBNPHUerda aspa 4a972.93053bF825t2221 aFranco, Franklin J.,d1936-eautor4aut.10aTrujillismo :bgénesis y rehabilitación /cFranklin J. Franco. 1aSanto Domingo, República Dominicana :bEditora Cultural Dominicana,c1971. a128 páginas ;c22 cm. atextobtxt2rdacontent asinmediaciónbn2rdamedia avolumenbnc2rdacarrier aIncluye referencias bibliográficas y notal al final de los capítulos 4aRepública DominicanaxPolítica y gobiernoyEra de Trujillo, 1930-1961